Country Outlines (but I can't draw and I'm making it from memory) - Statistics

General Stats
  • This quiz has been taken 889 times
  • The average score is 5 of 16
Answer Stats
Picture Answer % Correct
chile
86%
russia
70%
nepal
67%
italy
64%
vatican
54%
greece
29%
spain
24%
croatia
21%
benin
13%
cyprus
11%
singapore
8%
gabon
7%
mozambique
4%
france
3%
israel
3%
iraq
1%
No matching quizzes found
Score Distribution
Percent of People with Each Score
Percentile by Number Answered
Your Score History
You have not taken this quiz